000 00551nam a2200157 a 4500
008 120416s1969 ||||||||||||||||| || u
050 _aHD 82 Lew
100 _aLewis, William Arthur
245 1 0 _aSome aspects of economic development
260 _aLondon
_bAllen and Unwin
_c1969
300 _ax, 86p.
350 _a0.00
650 0 _aECONOMICS
650 0 _aECONOMIC DEVELOPMENT--AFRICA, SUB-SAHARAN
995 _D0.00
_FCBU-MAIN LIBRARY (Kitwe)
_H1
_I0.00
_M1
_UDAMAGED
_ZMain Library Open Access Collection
999 _c57924
_d57924